| 000 | 00465nam a2200169Ia 4500 | ||
|---|---|---|---|
| 008 | 180207s9999 xx 000 0 und d | ||
| 020 | _a9780440847465 | ||
| 050 | _bA237 1989 | ||
| 100 | _aAdler, David A. | ||
| 245 | 2 | _aA picture book of Abraham Lincoln / | |
| 245 | _cDavid A. Adler ; illustrated by John & Alexandra Wallner. | ||
| 260 | _aNew York : | ||
| 260 | _bTrumpet Club, | ||
| 260 | _c1989 | ||
| 300 | _aunpaged : | ||
| 300 | _bcolor illustration ; | ||
| 999 |
_c355273 _d355273 |
||